Stanley Kubrick Movies - Statistics

General Stats
  • This quiz has been taken 100 times
  • The average score is 9 of 13
Answer Stats
Release Year Answer % Correct
1999 Eyes Wide Shut
99%
1968 2001: A Space Odyssey
95%
1971 A Clockwork Orange
94%
1980 The Shining
88%
1987 Full Metal Jacket
84%
1975 Barry Lyndon
75%
1962 Lolita
69%
1957 Paths of Glory
65%
1960 Spartacus
59%
1956 The Killing
54%
1964 Dr. Strangelove or: How I Learned to Stop Worrying and Love the Bomb
48%
1953 Fear and Desire
42%
1955 Killer's Kiss
42%
No matching quizzes found
Score Distribution
Percent of People with Each Score
Percentile by Number Answered
Your Score History
You have not taken this quiz